000 00670na a2200241 4500
001 14335
003 MIRAKIL
005 20181213155209.0
008 160904b tu 000 0
035 _a14335
040 _aMilas
_btur
_cTR-AnCHP
082 _a320.9564
_bB56o 1986
090 _a956.9304 B56o 1986
100 _aBirand, Mehmet Ali
245 _a30 sıcak gün
_cMehmet Ali Birand
250 _a12. bs.
260 _a[İstanbul]
_bMilliyet
_c1986
300 _a496 s.
_c19 sm.
490 _aMilliyet yayınları
_v36
650 _aKıbrıs Barış Harekatı
_xGünlük
650 _aSiyaset ve yönetim
_xKıbrıs sorunu
_zKıbrıs
942 _2ddc
_cBKS
999 _c8385
_d8385